Normal view
MARC view
Entry Personal Name
001 - CONTROL NUMBER
- control field: 50347
003 - CONTROL NUMBER IDENTIFIER
- control field: ARRUPE
005 - DATE AND TIME OF LATEST TRANSACTION
- control field: 20211007143043.0
008 - FIXED-LENGTH DATA ELEMENTS
- fixed length control field: 211007|| aca||aabn | a|a d
040 ## - CATALOGING SOURCE
- Original cataloging agency: ARRUPE
- Transcribing agency: ARRUPE
100 ## - HEADING--PERSONAL NAME
- Personal name: Van Pelt, Miles V.,
- Dates associated with a name: 1969-
670 ## - SOURCE DATA FOUND
- Source citation: Work cat.: (ARRUPE)0: Pratico, Gary Davis. 50346, Basics of Biblical Hebrew grammar /, c2001.